| 000 | 01328nam a22003497a 4500 | ||
|---|---|---|---|
| 003 | CHAP | ||
| 005 | 20220329143101.0 | ||
| 008 | 060216d2005 mx r 00110 spa d | ||
| 010 | _a91703 | ||
| 011 | _a92675 | ||
| 035 | _a103240 | ||
| 040 | _cCHAP | ||
| 090 | _aTesis | ||
| 100 | 1 |
_aSánchez Aldaco, Felipe. _9107311 |
|
| 245 | 1 | 0 |
_aDeterminación del par torsional en un mezclador utilizando un fluido modelo, comparación de dos métodos de medición _c/por Felipe Sánchez Aldaco |
| 260 |
_aChapingo, Méx. : _bEl autor, _c2005. |
||
| 300 |
_a82 h. : _bilus. ; gráfs. |
||
| 502 | _aTesis (Ing. Mecánico Agrícola) -- UACH. Departamento de Ingeniería Mecánica Agrícola2 | ||
| 590 |
_aALEPH _b10 _c20130110 _lUCH01 _h1509 |
||
| 590 |
_aBATCH-UPD _b10 _c20130110 _lUCH01 _h1955 |
||
| 590 |
_aBATCH-UPD _b10 _c20130410 _lUCH01 _h0027 |
||
| 590 |
_aBATCH-UPD _b10 _c20130410 _lUCH01 _h1539 |
||
| 590 |
_aBATCH-UPD _b10 _c20130914 _lUCH01 _h1641 |
||
| 590 |
_aCONVERSION _b10 _c20130109 _lUCH01 _h1351 |
||
| 650 | 1 | 4 |
_aIngeniería mecánica. _958260 |
| 650 | 1 | 4 |
_aMecánica de fluídos. _973821 |
| 901 | _aBK | ||
| 905 | _aAlejandra Carrasco M. | ||
| 942 | _cFOLL | ||
| 949 |
_aTesis _bBC _cTES _d00000001032401 _eTS1 _gDonacion _h44522 _i103240 _sb |
||
| 949 |
_aTesis _bBC _cTES _d33724000991733 _eTS2 _fc.2 _gDonacion _h44523 _i103240 _sb |
||
| 999 |
_c91703 _d91703 |
||